Regions of Burkĩna Faso With a Map (2025) - Statistics

General Stats
  • This quiz has been taken 58 times
    56 since last reset
  • The average score is 8 of 17
Answers on the Map
Answers color-coded by a green-red scale on the quiz's map according to % correct below.
 
Answer Stats
Region % Correct
Liptako
80%
Bankui
60%
Kadiogo
60%
Nando
60%
Sirba
60%
Tapoa
60%
Yaadga
60%
Djôrô
40%
Goulmou
40%
Guiriko
40%
Kuilsé
40%
Nakambé
40%
Nazinon
40%
Oubri
40%
Soum / Djelgodji
40%
Sourou
40%
Tannounyan
40%
No matching quizzes found
Score Distribution
Percent of People with Each Score
Percentile by Number Answered
Your Score History
You have not taken this quiz since the last reset